00798nam a2200253Ia 4500003000400000005001700004008004100021020002200062040000700084041000800091082002100099100003000120245004000150250000600190260005700196300001600253365001600269650002000285650002100305906003700326942001200363999001900375952015000394OSt20230518092739.0210423s2010 xx 000 0 und d a978-0-321-61022-9 cAL aeng a575.1 223bRUSG aRUSSELL (Peter J)9107537 aGenetics: a molecular approach Ed 3 a3 aNew YorkbBenjamin Cummings Publishing Companyc2010 axix,828bPB b4257.5cUSD aBiology9107538 aGenetics9107539 aapproach ; Genetics: ; molecular 2ddccBK c166693d166693 001040708BTaSACPGbSACPGd2015-03-18eKiran Book Centreg4257.50l4m1o575.1 RUSGpPG013194r2023-05-26 00:00:00s2023-05-11w2021-04-26yBK